| 000 | 00681nam a2200229 a 4500 | ||
|---|---|---|---|
| 005 | 20251210064049.0 | ||
| 008 | 030929s2002 mx r 000 0 spa d | ||
| 020 | _a8483165481 | ||
| 035 | _aUPN01000129342 | ||
| 049 | _aCG | ||
| 050 | 4 |
_aBF723 H3.2 _bL6.3 |
|
| 100 | 1 | _aLópez Iglesias, Yolanda | |
| 245 | 1 | 0 |
_aFormación humana en primaria : _bciclo inicial / _cYolanda López Iglesias. |
| 260 |
_aMadrid : _bCCS, _c2002. |
||
| 300 | _a156 p. | ||
| 440 | 0 |
_aMateriales para educadores ; _v61 |
|
| 650 | 4 |
_aFORMACION DE HABITOS _920894 |
|
| 650 | 4 |
_aValores sociales _94177 |
|
| 650 | 4 |
_aEducación ambiental _94338 |
|
| 650 | 4 |
_aEducación primaria _91552 |
|
| 905 | _aLibro | ||
| 999 |
_c101514 _d101514 |
||